| 000 | | | 04763nmc2a22003131x 450 |
| 001 | | | c85223a9-f235-4b7c-85fc-513e21078c5e |
| 005 | | | 20131030210554.0 |
| 100 | ## | $a | 20130605l19131915k y0rusy50 ca |
| 101 | 0# | $a | rus |
| 102 | ## | $a | RU |
| 105 | ## | $a | a z |||e| |
| 122 | 2# | $a | d19130428 |
| | $a | d19150304 |
| 200 | 1# | $a | Записка о причинах кризиса крупного и среднего землевладения, проект доклада X съезду уполномоченных о кризисе частного землевладения и переписка о рассылке доклада |
| | $j | 28 апреля 1913 - 4 марта 1915 |
| 215 | ## | $a | 134 листа |
| | $c | табл. |
| 251 | ## | $c | Дело |
| 300 | ## | $a | Заголовок дела на делопроизводственной обложке: О кризисе сельскохозяйственной промышленности вследствие вздорожания рабочих рук |
| 300 | ## | $a | Лист 124а: листок с примечанием, подклеен к листу 124; листы 122, 123: наклеены листки с примечанием |
| 300 | ## | $a | Имеется обложка (с заголовком) дела Канцелярии Постоянного совета объединенных дворянских обществ |
| 300 | ## | $a | В деле имеются телеграммы |
| 300 | ## | $a | Часть текста рукописная, часть - напечатана типографским способом и на пишущей машинке |
| 330 | ## | $a | X. Материалы по делам дворянского землевладения и дворянского сословия в целом /1898-1917 гг./ |
| 461 | #0 | $1 | 001b6db1e6b-efcc-4108-961b-a8f75be6354f |
| | $1 | 2001 |
| | $a | Постоянный совет объединенных дворянских обществ |
| | $1 | 251 |
| | $c | Фонд |
| | $1 | 852 |
| | $j | 434 |
| 462 | #0 | $1 | 001376737bd-14a2-4097-a3d5-a02b2aa0e2d3 |
| | $1 | 2001 |
| | $a | Постоянный совет объединенных дворянских обществ. 1906-1917 гг. |
| | $1 | 251 |
| | $c | Опись |
| | $1 | 852 |
| | $j | 1 |
| 517 | ## | $a | О кризисе сельскохозяйственной промышленности вследствие вздорожания рабочих рук |
| 601 | 02 | $3 | RU\NLR\AUTH\8810165427 |
| | $a | Постоянный совет объединенных дворянских обществ |
| | $c | Петербург |
| 601 | 12 | $3 | RU\NLR\AUTH\8810165445 |
| | $a | Съезд уполномоченных дворянских обществ |
| | $d | 10 |
| | $f | 1914 |
| | $e | Санкт-Петербург |
| 801 | #0 | $a | RU |
| | $b | GA_RF |
| 801 | #1 | $a | RU |
| | $b | НПО Опыт |
| | $c | 20130605 |
| | $2 | rusmarc |
| 801 | #2 | $a | RU |
| | $b | ПБ им. Б.Н. Ельцина |
| | $c | 20131030 |
| | $g | RCR |
| | $2 | rusmarc |
| 852 | ## | $a | ГА РФ |
| | $j | 328 |
| 937 | ## | $d | 39974149 |
| | $h | ПБ |
| 035 | ## | $a | RuPRLIB51006746 |